000 00608nam a2200133Ia 4500
008 100122s9999 xx 000 0 und d
082 _b30370
_a50
100 _aमराठी संशोधन पत्रिका
245 _aमराठी संशोधन-पत्रिका 76 ते 79
260 _bमराठी साहित्य संशोधक मंडळ मु.म.ग्र.सं
_c1905
630 _aमराठी संशोधन-पत्रिका 76 ते 79
730 _aमराठी संशोधन-पत्रिका 76 ते 79
942 _cBOOK
999 _c415257
_d415254